US States With the Highest Chinese American Population - Statistics

General Stats
  • This quiz has been taken 206 times
  • The average score is 9 of 10
Answer Stats
Number of Chinese Americans State % Correct
1,349,000 California
99%
599,000 New York
98%
90,000 Florida
95%
167,000 Texas
94%
132,000 Washington
94%
113,000 Illinois
88%
140,000 New Jersey
81%
93,000 Pennsylvania
81%
132,000 Massachusetts
80%
199,000 Hawaii
78%
No matching quizzes found
Score Distribution
Percent of People with Each Score
Percentile by Number Answered
Your Score History
You have not taken this quiz